'K' Celebrity Images Quiz Stats

 Plays Quiz Updated Dec 14, 2018

Support Sporcle.
Go Orange.
Score 0/20 Timer 05:00
6 Plays Today
% Correct
Nicole Kidman
89.7%
Ashton Kutcher
86.2%
Beyoncé Knowles
84.3%
Lisa Kudrow
73.2%
Mila Kunis
70.3%
Jimmy Kimmel
66.3%
Diane Keaton
62.5%
Val Kilmer
61.5%
Stephen King
60.5%
Bobby Knight
51.1%
% Correct
Michelle Kwan
49.4%
Lenny Kravitz
45.4%
Kevin Kline
44.7%
Andy Kaufman
41.5%
Kris Kristofferson
40.8%
Frida Kahlo
38.6%
Grace Kelly
37.2%
Greg Kinnear
37.1%
Harvey Keitel
36.4%
Mindy Kaling
31.7%

From the Vault

Vocabulary Blitz XXXII

by iglew

Language 60s
With only 5 answers per quiz, we can do tons of these before we're at a loss for words.
Remove Ads.
Support Sporcle.
Get the best of Sporcle when you Go Orange. This ad-free experience offers more features, more stats, and more fun while also helping to support Sporcle. Thank you for becoming a member.

Show Comments

Extras

Top Quizzes Today


Score Distribution

Your Account Isn't Verified!

In order to create a playlist on Sporcle, you need to verify the email address you used during registration. Go to your Sporcle Settings to finish the process.

Report this User

Report this user for behavior that violates our Community Guidelines.

Details: